Prognóza výživného stavu ozimné pšenice na jaře

Bibliographic Details
Main Author: Janovec, Jiří (Author)
Format: Article
Language:Czech
PhysicalDescription:Tb. 3.
Subjects:

MARC

LEADER 00000nab a2200000 a 4500
001 vtls000073101
003 SK-MaSNL
005 20260303202521.0
008 160201c1980 xo 0 cze
015 |a SNBRB19rr/mm-uuuuu 
035 |a CL0083202 
040 |a SNKBUCL  |b slo  |c SNKBUCL  |e AACR2 
041 0 |a cze 
044 |a xo  |c SK 
080 |a 631.8  |2 1981 
080 |a 633.1  |2 1981 
100 1 |a Janovec, Jiří  |4 aut  |9 683858 
245 1 0 |a Prognóza výživného stavu ozimné pšenice na jaře  |c Jiří Janovec 
300 |b Tb. 3. 
650 0 7 |a ozimná pšenica  |2 snkbucl  |9 28625 
655 7 |a články z novín a časopisov  |2 snkbucl  |9 267496 
773 0 |t Agrochémia  |g Roč. 20, č. 11 (1980), s. 325-326 
850 |a Slovenská národná knižnica v Martine  |a MTA001 
852 |a SNK  |b KIS3GCP 
958 |a RK 
958 |a CZ 
992 |a RBX 
999 |c 2180021  |d 2181951